Statistiche per Le Squadre di Serie A

Clicka qui per fare il quiz!

Statistiche generali

  • Questo quiz è stato fatto 124 volte
  • Il punteggio medio è 18 su 20

Statistiche sulle risposte

Squadra % Corretto
Inter
100%
Milan
99%
Lazio
99%
Juventus
97%
Roma
97%
Napoli
97%
Torino
95%
Atalanta
95%
Genoa
95%
Sampdoria
93%
Bologna
91%
Udinese
91%
Fiorentina
90%
Sassuolo
88%
Verona
88%
Lecce
87%
Brescia
87%
Cagliari
86%
SPAL
86%
Parma
75%

Distribuzione punteggi

Percentile per numero di risposta

Percentuale di utenti per punteggio

I tuoi punteggi nel tempo

Non hai fatto questo quiz